000
00218nam a2200097Ia 4500
005
20251222114407.0
008
251222s1900||||xx |||||||||||||| ||spa||
082
_a
DVD0070/T22O/1986
245
0
_a
O sacrificio
942
_c
DVD
999
_c
1864
_d
1864